| 000 | 00452nam a2200181Ia 4500 | ||
|---|---|---|---|
| 001 | 10120 | ||
| 005 | 20260306161808.0 | ||
| 008 | 260306t2006||||xx |||||||||||||| ||spa|| | ||
| 041 | _aESP | ||
| 082 |
_a901 _bA69 |
||
| 100 |
_aArendt, Hannah _eAUT |
||
| 245 | 0 |
_aBetween past and future: _beight exercises in political thought |
|
| 260 | _c2006 | ||
| 300 |
_a298 páginas : _c19 cm. |
||
| 650 | _aGEN | ||
| 654 | _aCHU | ||
| 942 |
_cLIB _dJUS _fJUS _2ddc _n |
||
| 999 |
_c10120 _d10120 |
||